Movies Quiz

Random Movies or Actor Quiz

Peter O'Toole Films Quiz Stats

 Plays Quiz Updated Mar 27, 2020

Support Sporcle.
Go Orange.
Score 0/65 Timer 10:00
0 Plays Today
Year Film % Correct
1962Lawrence of Arabia
96.7%
1968The Lion in Winter
50.4%
1972Man of La Mancha
43.1%
1965Lord Jim
40.3%
1964Becket
38.8%
1982My Favorite Year
34.8%
2004Troy
31%
1969Goodbye, Mr. Chips
29.8%
2006Venus
27.7%
2007Ratatouille
27.2%
1980The Stunt Man
22.8%
1979Caligula
21.5%
1972The Ruling Class
20%
1987The Last Emperor
17.2%
1966How to Steal a Million
15%
1991King Ralph
13.5%
1965What's New Pussycat
13%
1971Murphy's War
10.8%
1967The Night of the Generals
10.7%
1979Zulu Dawn
10.1%
1984Supergirl
9.8%
1988High Spirits
9.5%
2007Stardust
9.1%
1966Casino Royale
8.7%
1975Man Friday
8.3%
1985Creator
7.1%
1986Club Paradise
6.6%
1958Kidnapped
6.4%
1972Under Milk Wood
5.9%
1960The Day They Robbed the Bank of England
5.2%
1998Phantoms
5.2%
2005Lassie
5.1%
1966The Bible: In the Beginning...
4.9%
Year Film % Correct
1975Rosebud
4.5%
1976Rogue Male
4.3%
1960The Savage Innocents
4.1%
2008Dean Spanley
3.9%
1997FairyTale: A True Story
3.7%
1968Great Catherine
3.6%
2006One Night with the King
3.6%
2003Bright Young Things
3.3%
1990The Nutcracker Prince
3.1%
1999Joan of Arc
3%
1983Sherlock Holmes and the Sign of Four
2.9%
1990The Rainbow Thief
2.8%
1970Country Dance
2.8%
1978Power Play
2.7%
1983Sherlock Holmes and a Study in Scarlet
2.6%
1990Wings of Fame
2.6%
2002The Final Curtain
2.5%
1976Foxtrot
2.5%
1983Sherlock Holmes and the Valley of Fear
2.5%
2008Christmas Cottage
2.5%
1993The Seventh Coin
2.4%
2012Cristiada
2.3%
1999The Manor
2.3%
1992Rebecca's Daughters
2.1%
1991Isabelle Eberhardt
1.9%
1999Molokai: The Story of Father Damien
1.8%
1998Coming Home
1.7%
1982Man and Superman
1.7%
1983Sherlock Holmes and the Baskerville Curse
1.7%
1989As Long as It's Love
1.4%
2011Mary Mother of Christ
1%
2002Gobal Heresy
0.8%

You're not logged in!

Compare scores with friends on all Sporcle quizzes.
OR
Log In

From the Vault

Most Populous Countries A-Z by Image

by RHLI

How much more crowded can these countries get?
Remove Ads.
Support Sporcle.
Get the best of Sporcle when you Go Orange. This ad-free experience offers more features, more stats, and more fun while also helping to support Sporcle. Thank you for becoming a member.

Show Comments

Extras

Top Quizzes Today


Score Distribution

Your Account Isn't Verified!

In order to create a playlist on Sporcle, you need to verify the email address you used during registration. Go to your Sporcle Settings to finish the process.

Report this User

Report this user for behavior that violates our Community Guidelines.

Details: